Fundamentals of Telephony (Record no. 195041)
[ view plain ]
| 000 -LEADER | |
|---|---|
| fixed length control field | 00819 a2200157 4500 |
| 003 - CONTROL NUMBER IDENTIFIER | |
| control field | Nust |
| 005 - DATE AND TIME OF LATEST TRANSACTION | |
| control field | 20170207154215.0 |
| 040 ## - CATALOGING SOURCE | |
| Transcribing agency | Nust |
| 082 ## - DEWEY DECIMAL CLASSIFICATION NUMBER | |
| Classification number | 621.385 |
| 100 ## - MAIN ENTRY--PERSONAL NAME | |
| Personal name | Arthur Lemuel Albert |
| 245 ## - TITLE STATEMENT | |
| Title | Fundamentals of Telephony |
| Statement of responsibility, etc. | Arthur Lemuel Albert |
| 260 ## - PUBLICATION, DISTRIBUTION, ETC. | |
| Place of publication, distribution, etc. | london |
| Name of publisher, distributor, etc. | Mc Graw - Hill |
| Date of publication, distribution, etc. | 1943 |
| 300 ## - PHYSICAL DESCRIPTION | |
| Extent | 374p; |
| 505 ## - FORMATTED CONTENTS NOTE | |
| Formatted contents note | Direct Current Theory (Page-1), Alternating Current Theory (Page-30), Electric Networks (Page-57), Sound, Speech and Hearing (Page-93), Telephone Transmitters (Page-111), Telephone Receivers (Page-127), Telephone Sets (Page-139),Manual Telephone Systems (Page-193), Transmission Over Circuits With Lumped Constants (Page-262), Measurements in Telephony (Page-286), Inductive Interference (Page-314), Telephone Repeaters and Carrier Systems (Page-332 |
| 538 ## - SYSTEM DETAILS NOTE | |
| System details note | Almirah No.134 Shelf No.1 |
| 942 ## - ADDED ENTRY ELEMENTS (KOHA) | |
| Source of classification or shelving scheme | |
| Koha item type | Book |
| Withdrawn status | Lost status | Source of classification or shelving scheme | Damaged status | Not for loan | Collection code | Permanent Location | Current Location | Date acquired | Total Checkouts | Full call number | Barcode | Date last seen | Price effective from | Koha item type |
|---|---|---|---|---|---|---|---|---|---|---|---|---|---|---|
| Military College of Signals (MCS) | Military College of Signals (MCS) | 12/12/2016 | 621.385 ALV | MCS6852-A | 12/08/2016 | 12/12/2016 | Book |
